<?xml version="1.0" encoding="UTF-8"?>
<record
    xmlns:xsi="http://www.w3.org/2001/XMLSchema-instance"
    xsi:schemaLocation="http://www.loc.gov/MARC21/slim http://www.loc.gov/standards/marcxml/schema/MARC21slim.xsd"
    xmlns="http://www.loc.gov/MARC21/slim">

  <leader>00997nam a2200241Ia 4500</leader>
  <controlfield tag="005">20240530095712.0</controlfield>
  <controlfield tag="008">140319s2006    xx            000 0 ara d</controlfield>
  <datafield tag="020" ind1=" " ind2=" ">
    <subfield code="a">9772325055</subfield>
  </datafield>
  <datafield tag="040" ind1=" " ind2=" ">
    <subfield code="a">GCL / </subfield>
    <subfield code="c">GCL</subfield>
  </datafield>
  <datafield tag="082" ind1="0" ind2="4">
    <subfield code="a">362.4 /</subfield>
    <subfield code="b">&#x627; &#x635;</subfield>
  </datafield>
  <datafield tag="100" ind1="1" ind2=" ">
    <subfield code="a">&#x627;&#x645;&#x64A;&#x631; &#x627;&#x628;&#x631;&#x627;&#x647;&#x64A;&#x645; &#x627;&#x62D;&#x645;&#x62F; &#x627;&#x644;&#x642;&#x631;&#x634;&#x649;</subfield>
  </datafield>
  <datafield tag="245" ind1="1" ind2="0">
    <subfield code="a">&#x627;&#x644;&#x635;&#x645; &#x627;&#x644;&#x645;&#x643;&#x641;&#x648;&#x641;&#x648;&#x646; : </subfield>
    <subfield code="b">&#x62A;&#x631;&#x628;&#x64A;&#x62A;&#x647;&#x645; &#x648;&#x637;&#x631;&#x642; &#x627;&#x644;&#x62A;&#x648;&#x627;&#x635;&#x644; &#x645;&#x639;&#x647;&#x645; / </subfield>
    <subfield code="c">&#x627;&#x645;&#x64A;&#x631; &#x627;&#x628;&#x631;&#x627;&#x647;&#x64A;&#x645; &#x627;&#x62D;&#x645;&#x62F; &#x627;&#x644;&#x642;&#x631;&#x634;&#x649;</subfield>
  </datafield>
  <datafield tag="250" ind1=" " ind2=" ">
    <subfield code="a">&#x627;&#x644;&#x627;&#x648;&#x644;&#x649;</subfield>
  </datafield>
  <datafield tag="260" ind1=" " ind2=" ">
    <subfield code="a">&#x627;&#x644;&#x642;&#x627;&#x647;&#x631;&#x629; : </subfield>
    <subfield code="b">&#x639;&#x627;&#x644;&#x645; &#x627;&#x644;&#x643;&#x62A;&#x628;&#x60C;</subfield>
    <subfield code="c">2006</subfield>
  </datafield>
  <datafield tag="300" ind1=" " ind2=" ">
    <subfield code="a">285 &#x635; &#x61B; </subfield>
    <subfield code="c">24 &#x633;&#x645;</subfield>
  </datafield>
  <datafield tag="650" ind1="0" ind2="4">
    <subfield code="a">&#x627;&#x644;&#x645;&#x643;&#x641;&#x648;&#x641;&#x648;&#x646; &#x627;&#x644;&#x635;&#x645; - &#x62A;&#x639;&#x644;&#x64A;&#x645;</subfield>
    <subfield code="2">qrmak</subfield>
  </datafield>
  <datafield tag="650" ind1="0" ind2="4">
    <subfield code="a">&#x627;&#x644;&#x645;&#x643;&#x641;&#x648;&#x641;&#x648;&#x646; &#x627;&#x644;&#x635;&#x645; - &#x631;&#x639;&#x627;&#x64A;&#x629;</subfield>
    <subfield code="2">qrmak</subfield>
  </datafield>
  <datafield tag="650" ind1="0" ind2="4">
    <subfield code="a">&#x627;&#x644;&#x645;&#x643;&#x641;&#x648;&#x641;&#x648;&#x646; &#x627;&#x644;&#x635;&#x645; - &#x648;&#x633;&#x627;&#x626;&#x644; &#x627;&#x62A;&#x635;&#x627;&#x644;</subfield>
    <subfield code="2">qrmak</subfield>
  </datafield>
  <datafield tag="650" ind1="0" ind2="4">
    <subfield code="a">&#x627;&#x644;&#x645;&#x643;&#x641;&#x648;&#x641;&#x648;&#x646; &#x627;&#x644;&#x635;&#x645; - &#x637;&#x631;&#x642; &#x627;&#x644;&#x642;&#x631;&#x627;&#x621;&#x629; &#x648;&#x627;&#x644;&#x643;&#x62A;&#x627;&#x628;&#x629;</subfield>
    <subfield code="2">qrmak</subfield>
  </datafield>
  <datafield tag="650" ind1="0" ind2="4">
    <subfield code="a">&#x627;&#x644;&#x645;&#x643;&#x641;&#x648;&#x641;&#x648;&#x646; &#x627;&#x644;&#x635;&#x645; - &#x62A;&#x62F;&#x631;&#x64A;&#x628;</subfield>
    <subfield code="2">qrmak</subfield>
  </datafield>
  <datafield tag="942" ind1=" " ind2=" ">
    <subfield code="2">ddc</subfield>
    <subfield code="c">BK</subfield>
  </datafield>
  <datafield tag="999" ind1=" " ind2=" ">
    <subfield code="c">9711</subfield>
    <subfield code="d">9711</subfield>
  </datafield>
  <datafield tag="952" ind1=" " ind2=" ">
    <subfield code="0">0</subfield>
    <subfield code="1">0</subfield>
    <subfield code="4">0</subfield>
    <subfield code="7">0</subfield>
    <subfield code="a">CAI</subfield>
    <subfield code="b">CAI</subfield>
    <subfield code="d">2014-03-26</subfield>
    <subfield code="l">0</subfield>
    <subfield code="o">305.908161\&#x627; &#x635;</subfield>
    <subfield code="p">20134</subfield>
    <subfield code="r">2014-03-26 00:00:00</subfield>
    <subfield code="w">2014-03-26</subfield>
    <subfield code="y">BK</subfield>
  </datafield>
</record>
